Band Members by Instrument - Miscellaneous Rock # 4 Edition - Statistics

General Stats
  • This quiz has been taken 81 times
  • The average score is 7 of 47
Answer Stats
Band Instrument or Role Answer % Correct
Twisted Sister (1982-1986) Vocals Dee Snider
77%
Electric Light Orchestra (1975-1979) Vocals, Guitar Jeff Lynne
72%
^Blizzard of Ozz (1979-1981) Vocals Ozzy Osbourne
68%
Poison (1985-1991; 1996-present) Vocals Bret Michaels
60%
^Blizzard of Ozz (1979-1981) Guitar Randy Rhoads
43%
Poison (1985-1991; 1996-present) Guitar C.C. DeVille
38%
Poison (1985-1991; 1996-present) Drums Rikki Rockett
32%
The Black Crowes (1989-1997) Vocals Chris Robinson
25%
The Black Crowes (1989-1997) Rhythm Guitar Rich Robinson
23%
Poison (1985-1991; 1996-present) Bass Bobby Dall
21%
*The Destroyers (1976-1985) Vocals, Guitar George Thorogood
19%
Supertramp (1973-1984) Vocals, Guitar, Keyboards Roger Hodgson
19%
Supertramp (1973-1984) Vocals, Keyboards Rick Davies
17%
Twisted Sister (1982-1986) Bass Mark "The Animal" Mendoza
15%
Kansas (1973-1981) Rhythm Guitar Rich Williams
15%
Electric Light Orchestra (1975-1979) Drums Bev Bevan
13%
^Blizzard of Ozz (1979-1981) Bass Bob Daisley
13%
Twisted Sister (1982-1986) Rhythm Guitar Jay Jay French
13%
Kansas (1973-1981) Lead Guitar, Keyboards Kerry Livgren
13%
Kansas (1973-1981) Vocals Steve Walsh
13%
Twisted Sister (1982-1986) Drums A.J. Pero
9%
^Blizzard of Ozz (1979-1981) Drums Lee Kerslake
9%
Kansas (1973-1981) Violin Robby Steinhardt
9%
Kansas (1973-1981) Bass Dave Hope
8%
Kansas (1973-1981) Drums Phil Ehart
8%
Electric Light Orchestra (1975-1979) Keyboards Richard Tandy
8%
The Marshall Tucker Band (1972-1980) Vocals Doug Gray
6%
Supertramp (1973-1984) Bass Dougie Thomson
6%
Twisted Sister (1982-1986) Lead Guitar Eddie "Fingers" Ojeda
6%
The Marshall Tucker Band (1972-1980) Lead Guitar Toy Caldwell
6%
Supertramp (1973-1984) Drums Bob Siebenberg
4%
The Black Crowes (1989-1997) Lead Guitar Jeff Cease / Marc Ford
4%
Supertramp (1973-1984) Saxophone John Helliwell
4%
The Black Crowes (1989-1997) Bass Johnny Colt
4%
Electric Light Orchestra (1975-1979) Bass Kelly Groucutt
4%
*The Destroyers (1976-1985) Bass Billy Blough
2%
*The Destroyers (1976-1985) Saxophone (1980-1985) Hank "Hurricane" Carter
2%
Electric Light Orchestra (1975-1979) Violin Mik Kaminski
2%
The Black Crowes (1989-1997) Drums Steve Gorman
2%
The Marshall Tucker Band (1972-1980) Bass Tommy Caldwell
2%
The Black Crowes (1989-1997) Keyboards (1992-1997) Eddie Harsch
0%
The Marshall Tucker Band (1972-1980) Rhythm Guitar George McCorkle
0%
Electric Light Orchestra (1975-1979) Cello Hugh McDowell
0%
*The Destroyers (1976-1985) Drums Jeff Simon
0%
The Marshall Tucker Band (1972-1980) Flute, Keyboards, Saxophone Jerry Eubanks
0%
Electric Light Orchestra (1975-1979) Cello Melvyn Gale
0%
The Marshall Tucker Band (1972-1980) Drums Paul Riddle
0%
No matching quizzes found
Score Distribution
Percent of People with Each Score
Percentile by Number Answered
Your Score History
You have not taken this quiz